Normal view
MARC view
- الارشاد الاسري-نظريات
Entry Topical Term
001 - CONTROL NUMBER
- control field: 63166
003 - CONTROL NUMBER IDENTIFIER
- control field: JO-AjAnu
005 - DATE AND TIME OF LATEST TRANSACTION
- control field: 20230606084319.0
008 - FIXED-LENGTH DATA ELEMENTS
- fixed length control field: 230606|| aca||aabn | a|a d
040 ## - CATALOGING SOURCE
- Original cataloging agency: JO-AjAnu
- Transcribing agency: JO-AjAnu
150 ## - HEADING--TOPICAL TERM
- Topical term or geographic name entry element: الارشاد الاسري-نظريات
670 ## - SOURCE DATA FOUND
- Source citation: Work cat.: (JO-AjAnu)32205: علاء الدين، جهاد محمود, author 63165, نظريات وفنيات الارشاد الاسري